000 00551nam a2200181 i 4500
001 92590
003 ES-MaACL
005 20230906181016.0
007 t|
008 050405s1930 fr ||||1| fre d
080 _a929 Diane de Poitiers
100 1 _aOrliac, Jehanne d'.
_987287
245 1 0 _aDiane de Poitiers
_b: grant sénechalle de Normandie /
_cJehanne d'Orliac.
260 _aParis :
_bLibraire Plon,
_c[1930]
300 _a267 p., [3] h. de lám. ;
_c19 cm.
600 1 4 _aDiane de Poitiers.
_944104
852 _aES-MaACL
_jE-10930
_bR.135754
999 _c92590
_d92590